| 000 | 00667nam a2200217 i 4500 | ||
|---|---|---|---|
| 001 | 91024 | ||
| 003 | ES-MaACL | ||
| 005 | 20250814054349.0 | ||
| 007 | t| | ||
| 008 | 050126s1980 sp a |||| | spa d | ||
| 100 | 1 |
_aLera, Ángel María de, _d1912-1984 _971742 |
|
| 245 | 1 | 3 |
_aLa Masonería que vuelve / _cAngel Mª de Lera. |
| 250 | _a1ª ed. | ||
| 260 |
_aBarcelona : _bPlaneta, _c1980. |
||
| 300 |
_a268 p. : _bil. ; _c25 cm. |
||
| 490 | 1 |
_aEspejo de España. Serie La historia viva ; _v60 |
|
| 610 | 2 | 4 |
_aMasonería _95658 |
| 830 | 0 |
_aEspejo de España. _aLa historia viva _v60 _9225203 |
|
| 852 |
_aES-MaACL _jL-7020 |
||
| 999 |
_c91024 _d91024 |
||